000 00987cam a22003017a 4500
003 CHAP
005 20220329140324.0
008 971013s1981 r 00010 d
010 _a50374
011 _a51346
035 _a55496
040 _cCHAP
090 _aFolleto 9506
100 0 0 _aPlaizer, A. C.
_988644
245 1 2 _aA revision of catharanthus roseus (L.) G. Don (Apocynaceae)
260 _aWageningen :
_bVeeman & Zonen,
_c1981
300 _a12 p.
_b: ilus.
490 0 _aMededelingen Landbouwhogeschool Wageningen Nederland
_v; 81-9 (1981)
590 _aBATCH-UPD
_b10
_c20130110
_lUCH01
_h0248
590 _aBATCH-UPD
_b10
_c20130110
_lUCH01
_h1844
590 _aCONVERSION
_b10
_c20130109
_lUCH01
_h1327
650 1 4 _aApocinaceas.
_96306
650 1 4 _aCatharanthus roseus.
_920511
830 0 _aMededelingen Landbouwhogeschool Wageningen Nederland
_v; 81-9 (1981)
_973860
901 _aBK
942 _cFOLL
949 _aFolleto 9506
_bBC
_cFOLL
_d-121707
_eTS1
_i55496
_mD
_si
999 _c50374
_d50374